| 000 | 01672pam a2200481 a 4500 | ||
|---|---|---|---|
| 001 | 8341 | ||
| 003 | FISKH | ||
| 005 | 20250909160014.0 | ||
| 008 | 950814s1996 nyua j 001 0 eng | ||
| 010 | _a 95025192 | ||
| 020 |
_a1856976696 _qhb |
||
| 020 |
_a1856976890 _qrlb |
||
| 020 |
_a9781856976695 _q(hb) |
||
| 020 |
_a9781856976893 _q(rlb) |
||
| 035 | _a4925503 | ||
| 040 |
_aDLC _cDLC _dDLC _beng |
||
| 042 | _alcac | ||
| 050 | 0 | 0 |
_aQL644.2 _b.O54 1996 |
| 082 | 0 | 0 |
_a597.9 _220 |
| 100 | 1 | _aO'Neill, Amanda. | |
| 245 | 1 | 0 |
_aI wonder why snakes shed their skins and other questions about reptiles / _cAmanda O'Neill. |
| 250 | _a1st American edition | ||
| 260 |
_aNew York : _bKingfisher, _c1996. |
||
| 300 |
_a32 pages : _bcolor illustrations ; _c29 cm |
||
| 336 |
_atext _btxt _2rdacontent |
||
| 337 |
_aunmediated _bn _2rdamedia |
||
| 338 |
_avolume _bnc _2rdacarrier |
||
| 490 | 1 | _aI wonder why | |
| 500 | _aIncludes index. | ||
| 505 | _aO | ||
| 520 | _aAnswers such questions about reptiles as why do snakes stare, are frogs and newts reptiles, and which reptile lives longest. | ||
| 521 | 8 |
_a600
_bLexile estimate |
|
| 521 | 8 |
_aO
_bRaz-Plus |
|
| 650 | 0 |
_aReptiles _xMiscellanea _xJuvenile literature. |
|
| 650 | 1 |
_aReptiles _xMiscellanea. |
|
| 650 | 1 | _aQuestions and answers. | |
| 830 | 0 | _aI wonder why (New York, N.Y.) | |
| 856 | 4 | 2 |
_3Publisher description _uhttp://www.loc.gov/catdir/description/hm021/95025192.html |
| 856 | 4 | 2 |
_3Contributor biographical information _uhttp://www.loc.gov/catdir/enhancements/fy0736/95025192-b.html |
| 906 |
_a7 _bcbc _corignew _d1 _eocip _f19 _gy-gencatlg |
||
| 942 |
_2ddc _cBK _n0 |
||
| 999 |
_c8341 _d8341 |
||